|
|
|
|
| LEADER |
00000nam0a2200000 4500 |
| 001 |
278998 |
| 005 |
20231031231932.0 |
| 035 |
|
|
|a (RuTPU)RU\TPU\book\302276
|
| 090 |
|
|
|a 278998
|
| 100 |
|
|
|a 20141216d1985 k y0rusy5003 ca
|
| 101 |
0 |
|
|a rus
|
| 102 |
|
|
|a RU
|
| 105 |
|
|
|a a z 001zy
|
| 200 |
1 |
|
|a Датчики и устройства систем управления и контроля
|e сборник научных трудов
|f Куйбышевский авиационный институт им. С. П. Королева ; под ред. Н. Е. Конюхова
|
| 210 |
|
|
|a Куйбышев
|c Изд-во КуАИ
|d 1985
|
| 215 |
|
|
|a 172 с.
|c ил.
|
| 320 |
|
|
|a Библиогр. в конце ст.
|
| 606 |
1 |
|
|a Датчики
|2 stltpush
|3 (RuTPU)RU\TPU\subj\4835
|
| 610 |
1 |
|
|a устройства
|
| 610 |
1 |
|
|a информационные системы измерительные
|
| 610 |
1 |
|
|a контроль
|
| 610 |
1 |
|
|a измерительная информация
|
| 610 |
1 |
|
|a сбор
|
| 610 |
1 |
|
|a обработка
|
| 675 |
|
|
|a 681.586
|z rus
|v 4
|
| 702 |
|
1 |
|a Конюхов
|b Н. Е.
|4 340
|
| 712 |
0 |
2 |
|a Куйбышевский авиационный институт им. С. П. Королева
|2 stltpush
|3 (RuTPU)RU\TPU\col\8161
|
| 801 |
|
0 |
|a RU
|b RuMRKP
|c 19950704
|g psbo
|
| 801 |
|
1 |
|a RU
|b 63413507
|c 20141216
|
| 801 |
|
2 |
|a RU
|b 63413507
|c 20180126
|g RCR
|
| 942 |
|
|
|c BK
|